Coolie (Record no. 1004)

MARC details
000 -LEADER
fixed length control field 00535 a2200169 4500
001 - CONTROL NUMBER
control field 067016
003 - CONTROL NUMBER IDENTIFIER
control field OSt
005 - DATE AND TIME OF LATEST TRANSACTION
control field 20211025171518.0
008 - FIXED-LENGTH DATA ELEMENTS--GENERAL INFORMATION
fixed length control field
082 ## - DEWEY DECIMAL CLASSIFICATION NUMBER
Classification number 823
Item number M89C
100 1# - MAIN ENTRY--PERSONAL NAME
Personal name Anand, Mulkraj
245 1# - TITLE STATEMENT
Title Coolie
Statement of responsibility, etc by Mulkraj Anand
260 ## - PUBLICATION, DISTRIBUTION, ETC. (IMPRINT)
Place of publication, distribution, etc London
Name of publisher, distributor, etc Penguin
Date of publication, distribution, etc 1993
300 ## - PHYSICAL DESCRIPTION
Extent 282p.
690 ## - LOCAL SUBJECT ADDED ENTRY--TOPICAL TERM (OCLC, RLIN)
Topical term or geographic name as entry element India; Indic fiction (English); Manners and customs; Socialism; India--Punjab; Class consciousness; Children's literature, Indic (English); Indic literature (English)
942 ## - ADDED ENTRY ELEMENTS (KOHA)
Source of classification or shelving scheme Dewey Decimal Classification
Koha item type Books
Holdings
Withdrawn status Lost status Source of classification or shelving scheme Damaged status Not for loan Collection code Home library Current library Date acquired Source of acquisition Cost, normal purchase price Total Checkouts Full call number Barcode Date last seen Date checked out Price effective from Koha item type
    Dewey Decimal Classification     General Text Book Central University Of Rajasthan Central University Of Rajasthan 07/03/2012 ENG 250.00 2 823 M89C 1302 10/04/2026 10/04/2026 02/09/2020 Books